000 00733nam a2200229 a 4500
001 000034645
005 20200930073820.0
008 111012s2005 ag 000 0 spa d
020 _a9875505536
040 _aDO-SdBNP
_bspa
_cBNPHU
082 _axxxx
_bxxxx
100 1 _aGrimm, Hermanos
_960077
245 1 0 _aCuentos tradicionales I /
_cHermanos Grimm ; prólogo Olga Drennen.
260 _aBuenos Aires, Argentina, :
_bLongseller,
_c2005.
300 _a237 p. ;
_c18 cm.
490 1 _aClásicos de siempre
490 1 _aCuentos
504 _aIncluye referencias bibliográficas y notas al pie de las páginas
700 1 _aDrennen, Olga,
_epról.
_960078
830 0 _aClásicos de siempre
_960025
830 0 _aCuentos
_955029
999 _c34136
_d34136